书目信息 |
| 题名: |
机械原理
|
|
| 作者: | 李璨 , 张宪民 主编 | |
| 分册: | ||
| 出版信息: | 武汉 武汉理工大学出版社 2004.3 |
|
| 页数: | 238页 | |
| 开本: | 26cm | |
| 丛书名: | 普通高等学校机械工程类专业双语系列教材 | |
| 单 册: | ||
| 中图分类: | TH111 | |
| 科图分类: | ||
| 主题词: | 机械学--高等学校--教材--英、汉 | |
| 电子资源: | ||
| ISBN: | 7-5629-2054-0 | |
| 000 | 00874nam2 2200265 45 | |
| 001 | 012004000000 | |
| 005 | 20050105145727.19 | |
| 010 | @a7-5629-2054-0@dCNY 29.50 | |
| 100 | @a20041220d2004 em y0chiy0121 ea | |
| 101 | 0 | @aeng@aeng |
| 102 | @aCN@b420000 | |
| 105 | @aa z 000yy | |
| 200 | 1 | @a机械原理@Aji xie yuan li@dMechanisms and machine theory@f李璨, 张宪民主编@zeng |
| 210 | @a武汉@c武汉理工大学出版社@d2004.3 | |
| 215 | @a238页@c图@d26cm | |
| 225 | 2 | @a普通高等学校机械工程类专业双语系列教材 |
| 300 | @a教育部高等教育面向21世纪课程教材 | |
| 410 | 0 | @12001 @a普通高等学校机械工程类专业双语系列教材 |
| 510 | 1 | @aMechanisms and machine theory@zeng |
| 606 | 0 | @a机械学@x高等学校@j教材@x英、汉 |
| 690 | @aTH111@v4 | |
| 701 | 0 | @a李璨@Ali can@4主编 |
| 701 | 0 | @a张宪民@Azhang xian min@4主编 |
| 801 | 0 | @aCN@bQSSKxf@c20050105 |
| 905 | @a10447@dTH111@eL135 | |
| 机械原理=Mechanisms and machine theory/李璨, 张宪民主编.-武汉:武汉理工大学出版社,2004.3 |
| 238页:图;26cm.-(普通高等学校机械工程类专业双语系列教材) |
| 教育部高等教育面向21世纪课程教材 |
| ISBN 7-5629-2054-0:CNY 29.50 |
| ● |
| 相关链接 |
|
|
|
正题名:机械原理
索取号:TH111/L135
 
预约/预借
| 序号 | 登录号 | 条形码 | 馆藏地/架位号 | 状态 | 备注 |
| 1 | 434580 | 204345805 | 自科二线504/504自科库 40排1列2层/ [索取号:TH111/L135] | 在馆 | |
| 2 | 434581 | 204345814 | 自科库501/501自科库 31排4列4层/ [索取号:TH111/L135] | 在馆 | |
| 3 | 434582 | 204345823 | 自科库501/501自科库 31排4列4层/ [索取号:TH111/L135] | 在馆 |